000 00575nam a2200217Ia 4500
003 OSt
005 20250416153003.0
008 241129s9999||||xx |||||||||||||| ||und||
020 _a9789390189342
040 _aSDCL
_beng
_cSDCL
041 _aeng
_2eng
084 _aS1 R1 LR
_qSDCL
100 _aDami, Elisabetta
_9394822
245 0 _aStilton Geronimo :
_bOut of time the eight journey through time
260 _aNew York :
_bScholastic,
_c2021.
300 _a314p.
365 _aINR
_b595
650 _aReference
942 _cGB
_2CC
_n0
999 _c1233960
_d1233960